| 000 | 01085nam a2200265Ia 4500 | ||
|---|---|---|---|
| 003 | OSt | ||
| 005 | 20220923211513.0 | ||
| 006 | a|||||r|||| 00| 0 | ||
| 007 | ta | ||
| 008 | 220922b |||||||| |||| 00| 0 hin d | ||
| 020 |
_a9789380237125 (hbk) _c1790 |
||
| 024 | _a271,021 | ||
| 037 |
_b75, 21/06/2013, Eastern Book Linkers _cTextual |
||
| 040 |
_aARTS _cARTS _bhin |
||
| 041 |
_2hin _ahin |
||
| 082 | _aO15,1A2:g, 152Q2.1-.2 | ||
| 100 |
_aजोशी, जयश्री शांतिलाल _9160646 |
||
| 245 | 0 | _aमहाभारत के आख्यानः उपाख्यान की समीक्षा 2 भाग | |
| 246 | _ahinābhārat ke ākhyānah upākhyān kī samīkṣhā 2 bhāga | ||
| 260 |
_aजयपुर _b प्रिज्म बुक्स _c2012 |
||
| 490 | _vभाग 1 | ||
| 650 | _aसंस्कृत साहित्य | ||
| 942 |
_hO15,1A2:g, 152Q2.1-.2 _cTEXL _2CC |
||
| 999 |
_c300220 _d300220 |
||